000 00784nam a22001937a 4500
003 CEME
005 20210628201637.0
008 210212b xxu||||| |||| 00| 0 eng d
020 _a0-669-39321-5
040 _c.
082 _a546 ZUM
100 _aZumdahl, Steven.S
_9436
245 _aChemical principles
250 _a2ND
260 _aLEXINGTON
_bD.C HEATH AND COMPANY
_c1995
300 _aXXI,1189P
650 _aCHEMISTRY AND CHEMISTS ATOMS MOLECULES AND IONS STOICHIOMETRY CHEMICAL REACTIONS AND SOLUTION STOICHIOMETRY GASES CHEMICAL EQUILIBRIUM ACIDS AND BASES ENERGY,ENTHALPY AND THERMOCHEMISTRY ELECTROCHEMISTRY QUANTUM MECHANICS AND ATOMIC THEORY BONDING COVALENT BONDING CHEMICAL KINETICS LIQUIDS AND SOLIDS ORGANIC CHEMISTRY BIOCHEMISTRY
_956153
942 _cBK
_2ddc
999 _c566665
_d566665